Những chiếc máy thông minh
সংরক্ষণ করুন:
| প্রধান লেখক: | |
|---|---|
| বিন্যাস: | গ্রন্থ |
| ভাষা: | Undetermined |
| প্রকাশিত: |
Hà Nội
Văn hoá Thông tin
2003
|
| বিষয়গুলি: | |
| ট্যাগগুলো: |
ট্যাগ যুক্ত করুন
কোনো ট্যাগ নেই, প্রথমজন হিসাবে ট্যাগ করুন!
|
| Thư viện lưu trữ: | Trung tâm Học liệu Trường Đại học Cần Thơ |
|---|
| LEADER | 00555nam a2200193Ia 4500 | ||
|---|---|---|---|
| 001 | CTU_90840 | ||
| 008 | 210402s9999 xx 000 0 und d | ||
| 020 | |c 16000 | ||
| 082 | |a 500 | ||
| 082 | |b H108 | ||
| 100 | |a Nguyễn, Bá Hào | ||
| 245 | 0 | |a Những chiếc máy thông minh | |
| 245 | 0 | |c Nguyễn Bá Hào, Hoàng Kiếm | |
| 260 | |a Hà Nội | ||
| 260 | |b Văn hoá Thông tin | ||
| 260 | |c 2003 | ||
| 650 | |a Science | ||
| 904 | |i Mai Loan (Nguyên sửa) | ||
| 980 | |a Trung tâm Học liệu Trường Đại học Cần Thơ | ||